LEADER 01473nam a2200337 a 4500 001 000000129657 003 CaOOAMICUS 005 20120713140731.0 008 120713s2012 it u000 u ita r 020 $a978-88-598-0798-8 040 $aPUL$bita 082 04$a345.4502 245 00$aCodice delle misure cautelari societarie /$ca cura di Loredana Nazzicone ; con i contributi di Rita Gismondi ... [et al.]. 260 $aTorino :$bUTET Giuridica,$c©2012. 300 $aXXIII, 330 p. ;$c24 cm 490 1 $aLe leggi commentate 500 $aTesto su due colonne. 504 $aInclude riferimenti bibliografici. 650 4$aSocietą commerciali$xDiritto.$0(OLS)http://pul/subject/20655 650 4$aProcedura penale$zItalia.$0(OLS)http://pul/subject/12686 700 1 $aNazzicone, Loredana.$0(OLS)http://pul/name/79639 700 1 $aGismondi, Rita.$0(OLS)http://pul/name/83016 830 3$aLe leggi commentate (UTET).$0(OLS)http://pul/title/65517 850 $aPUL 852 $aPUL$W1$xSL Diritto e Scienze Sociali 3$y79$m345. 4502 NAZLO 1$j150136$qDDC 21$B148674$CPULBib$Z2$F148674 $H120430 $82 941 1 $a9 996 $6020$a978-88-598-0798-8$9(OLS)http://pul/number/150282 996 $6082$a345.4502$9(OLS)http://pul/classification/2020 996 $6245$aCodice delle misure cautelari societarie$9(OLS)http://pul/title/163885 996 $6260$aTorino :$bUTET Giuridica$9(OLS)http://pul/publisher/79191 LEADER 01561nam a2200337 u 4500 001 000000042359 003 CaOOAMICUS 005 20070226114322.0 008 990225s1945 enk u000 u eng u 035 $a10815515 040 $aPUL(R)$bita 100 1 $aGonella, Guido,$d1905-1982.$0(OLS)http://pul/name/3766 245 14$aThe papacy and world peace :$ba study of the Christmas Messages of Pope Pius XII /$cby Guido Gonella ... ; edited and abridged by A.C.F. Beales and Andrew Beck .. 260 $aLondon :$bHollis and Carter,$c1945. 300 $axxi, 214 p. ;$c21 cm 500 $aContiene indici. 600 04$aPius PP.$bXII,$d1876-1958.$0(OLS)http://pul/subject/102 650 4$aDiritto internazionale.$0(OLS)http://pul/subject/2505 650 4$aPolitica internazionale.$0(OLS)http://pul/subject/2653 700 1 $aBeck, Andrew.$0(OLS)http://pul/name/31120 700 1 $aBeales, A. C. F.$0(OLS)http://pul/name/31119 850 $aPUL 852 $aPUL$W1$xDP1 Cons. Gen., Altre Classi 1$y22$m44 D 21$j57267$nBK-PRI$b $qStampati$B57267$CPULBib$Z2$F57267 $H $81 941 1 $a8 960 $aPapi (1939-1958 : Pius PP. XII)$9102 960 $aPapi (1939-1958 : Pius PP. XII)$9102 960 $aPacelli, Eugenio,$d1876-1958$9102 960 $aPio$bXII,$cpapa,$d1876-1958$9102 961 $aINV: 23737 996 $6245$aThe papacy and world peace :$ba study of the Christmas Messages of Pope Pius XII$9(OLS)http://pul/title/57151 996 $6260$aLondon :$bHollis and Carter$9(OLS)http://pul/publisher/64848